| 000 | 00580nam a2200193Ia 4500 | ||
|---|---|---|---|
| 008 | 241004s9999 xx 000 0 und d | ||
| 020 | _a9780367231460 | ||
| 037 | _aTextbook | ||
| 040 |
_aARTS _beng _cARTS |
||
| 041 |
_aeng _2eng |
||
| 084 |
_aY15v R1 _qARTS |
||
| 100 |
_aBerila Beth Au. _9724701 |
||
| 245 |
_aRadiating feminism: resilience practices to transform our inner and outer lives _cBerila Beth Au. |
||
| 260 |
_aUSA _bNew York Routledge _c2021 |
||
| 300 | _axi,203p. | ||
| 365 |
_aUKP _b32.99 |
||
| 942 |
_cTB _hY15v R1 |
||
| 999 |
_c1218852 _d1218852 |
||